LEADER 01318nam a2200241 i 4500 001 000000057955 003 CaOOAMICUS 005 20060714000000.0 008 060714s1987 it u000 u ita u 013 $a29127 040 $aSeMil$bita 100 1 $aFerrari, Monica.$0(OLS)http://semarc/name/29538 245 10$a"De vita et meritis Ambrosii" :$bcontributo allo studio di una biografia ambrosiana scritta a Milano in età carolingia /$cTesi di Laurea di : Monica Ferrari ; Relatore : Ch.mo Prof. Mirella Ferrari. 260 $a[S.l. :$bs.n.],$c1987. 300 $aIX, 422 c. ;$c30 cm. 500 $aIn testa al front : Università Cattolica del Sacro Cuore di Milano Facoltà di Lettere e Filosofia. - Ai piè del front : Anno Accademico 1986 - 87. 600 04$aAmbrogio .$0(OLS)http://semarc/subject/356 650 4$aTesi di laurea.$0(OLS)http://semarc/subject/1690 700 1 $aFerrari, Mirella,$d<1946- >.$0(OLS)http://semarc/name/20111 850 $aSeMil 852 $aSeMil$W1$xVenegono$y1$m4X V 10$j24108$B24108$CSeMilBibl$Z2$F24111 $8L 996 $6245$a"De vita et meritis Ambrosii" :$bcontributo allo studio di una biografia ambrosiana scritta a Milano in età carolingia$9(OLS)http://semarc/title/90252 996 $6260$a[S.l. :$bs.n.]$9(OLS)http://semarc/publisher/29751 LEADER 01410nas a2200289 i 4500 001 000000195511 003 CaOOAMICUS 005 20110111000000.0 008 101215b2010 mx uu u0 0spa r 013 $a174188 040 $aSeMil$bita 100 1 $aRamírez Pineda, Humberney.$0(OLS)http://semarc/name/70953 245 10$aInterculturalidad, ciudadanía y derechos humanos :$buna mirada a la cultura desde la hermenéutica analógica /$cHumberney Ramírez Pineda. 260 $aMéxico D.F. :$b[s.n.],$c2010$e(México D.F. :$fTécnica en Impresión ,$g2010) 300 $a109 p. ;$c22 cm. 500 $aContiene : Bibliografía. 650 4$aInterculturalità.$0(OLS)http://semarc/subject/9003 650 4$aErmeneutica analogica.$0(OLS)http://semarc/subject/11853 650 4$aCittadinanza.$0(OLS)http://semarc/subject/4912 650 4$aDiritti dell'uomo.$0(OLS)http://semarc/subject/2365 773 0 $tAnalogía filosófica.$dMéxico D.F. : [s.n.]$x0188-896X$w()1815 774 0 $t[vedi periodico].$w()274408 850 $aSeMil 852 $aSeMil$W1$xVenegono$y1$m51 6 62$j146080$B146080$CSeMilBibl$Z2$F158068 $85 961 $aCambio: Scuola Cattolica 996 $6245$aInterculturalidad, ciudadanía y derechos humanos :$buna mirada a la cultura desde la hermenéutica analógica$9(OLS)http://semarc/title/282105 996 $6260$aMéxico D.F. :$b[s.n.]$9(OLS)http://semarc/publisher/30399